000 00425nam a2200157 i 4500
001 bg
100 1 _aFEDOROWICZ, Zdzisław
_d(1922-2007).
245 0 _aPodstawy teorii pieniądza w gospodarce socjalistycznej /
_cZdzisław Fedorowicz.
260 _aWarszawa,
_c1975.
650 9 _aPieniądz
_xteoria
040 _cBPK
041 _apol
080 _a336.74:330
942 _cKS
008 s pl f |000 0 pol
999 _c26861
_d26861
856 _uhttp://koha.tu.koszalin.pl/cgi-bin/koha/opac-detail.pl?biblionumber=26861
_yKatalog online BPK